Η στρατηγική των μεγάλων δυνάμεων και οι θαλάσσιες μεταφορές στην Αρκτική : διπλωματική εργασία

Αποθηκεύτηκε σε:
Λεπτομέρειες βιβλιογραφικής εγγραφής
Κύριος συγγραφέας: Γιολδάση, Βασιλική
Συγγραφή απο Οργανισμό/Αρχή: Πανεπιστήμιο Αιγαίου Σχολή Επιστημών της Διοίκησης Τμήμα Ναυτιλίας και Επιχειρηματικών Υπηρεσιών Πρόγραμμα Μεταπτυχιακών Σπουδών "Ναυτιλία, Μεταφορές και Διεθνές Εμπόριο - ΝΑ.Μ.Ε."
Άλλοι συγγραφείς: Σιούσιουρας, Πέτρος Π. (Εισηγητής διατριβής)
Μορφή: Thesis Βιβλίο
Γλώσσα:Greek
Δημοσίευση: 2010
Θέματα:
Διαθέσιμο Online:http://hdl.handle.net/11610/12911
Ετικέτες: Προσθήκη ετικέτας
Δεν υπάρχουν, Καταχωρήστε ετικέτα πρώτοι!

MARC

LEADER 00000cam a2200000 i 4500
001 1/13199
008 110520s2010 gre d
035 |l 10110102 
040 |a GR-MY-UA  |b gre  |e aacr 
041 0 |a gre 
082 0 |a 380.5  |2 (22) 
100 1 |a Γιολδάση, Βασιλική. 
245 1 2 |a Η στρατηγική των μεγάλων δυνάμεων και οι θαλάσσιες μεταφορές στην Αρκτική :  |b διπλωματική εργασία /  |c Γιολδάση Βασιλική ; επιβλέπων: Σιούσουρας Πέτρος 
260 |c 2010 
300 |a 61 σ.;  |b χάρτες;  |c 30 εκ. 
502 # # |a Διατριβή (μεταπτυχιακή) – Πανεπιστήμιο Αιγαίου, Χίος, 2010. 
650 0 0 |a Shipping. 
650 0 0 |a Transportation  |z Islands of the Arctic. 
650 0 0 |a Dissertations, Academic  |z Greece. 
700 1 |4 ths  |a Σιούσιουρας, Πέτρος Π. 
710 1 |a Πανεπιστήμιο Αιγαίου  |b Σχολή Επιστημών της Διοίκησης  |b Τμήμα Ναυτιλίας και Επιχειρηματικών Υπηρεσιών  |b Πρόγραμμα Μεταπτυχιακών Σπουδών "Ναυτιλία, Μεταφορές και Διεθνές Εμπόριο - ΝΑ.Μ.Ε.". 
852 |a INST  |b CHIOS  |c DIATR  |e 20110520  |h 380.5 ΓΙΟ  |p 005200031214  |q 005200031214  |t MTXE  |y 23 
852 |a INST  |b CHIOS  |c DIATR  |e 20110520  |h 380.5 ΓΙΟ  |p 005200031215  |q 005200031215  |t MTXE  |y 23 
856 |u http://hdl.handle.net/11610/12911  
901 |a BIBL2-2011-2 
909 |a Χ  |b 149319 
909 |a Χ  |b 149320 
924 |a ΓΙΟΛΔΑΣΗ  |b ΒΑΣΙΛΙΚΗ  |y ΧΙΟΣ  |z 2010-10 
970 |a ΠΑΡΟΙΚΑΚΗ  |b ΒΑΣΙΛΙΚΗ  |z 2011/05/20